000 00370pab a2200157 454500
008 180718b2000 xxu||||| |||| 00| 0 eng d
100 _aTiwary, Amresh Kumar
245 _aDhakandi: milky village of UP
260 _c2000
300 _ap.45
362 _aFeb
650 _aMilk - India - Uttar Pradesh
650 _aRural areas
773 _aYojana
909 _a43719
999 _c43719
_d43719